| 000 | 01048nam a2200301Ia 4500 | ||
|---|---|---|---|
| 999 |
_c5795 _d5795 |
||
| 003 | OSt | ||
| 005 | 20200619143711.0 | ||
| 008 | 191128s1974 sp gr 000 0 spa d | ||
| 020 | _a8428102643 | ||
| 040 |
_aCO-JMCR _cCO-JMCR |
||
| 041 | 1 |
_aspa _hfr |
|
| 082 | 0 | 4 |
_a330.152 / _bN216f _223 |
| 100 | 1 |
_aNapoleoni, Claudio, _eautor _94698 |
|
| 245 | 1 | 0 |
_aFisiocracia, Smith, Ricardo, Marx / _cClaudio Napoleoni ; versión en lengua castellana de Dolors Bramon, Vicente Llombart Rosa |
| 250 | _aPrimera edición | ||
| 260 |
_aBarcelona : _bOikos-tau, _c1974 |
||
| 300 |
_a183 páginas ; _c20 cm. |
||
| 490 | 0 |
_aLibros de economía oikos ; _v23 |
|
| 505 | 0 | _aDocumentos | |
| 534 | _pSmith Ricardo Marx. Considerazioni sulla storia del pensiero economico | ||
| 546 | _aTraducido del italiano | ||
| 650 | 1 | 4 |
_aDoctrinas económicas _94597 |
| 650 | 1 | 4 |
_aPensamiento económico _95854 |
| 650 | 2 | 4 |
_aFisiocracia _95855 |
| 700 | 1 |
_aBramon, Dolors, _etraductora _95856 |
|
| 700 | 1 |
_aLlombart Rosa, Vicente, _etraductor _95857 |
|
| 942 |
_2ddc _cBK |
||